| 000 | 00636nam a2200181 i 4500 | ||
|---|---|---|---|
| 001 | 30114 | ||
| 003 | ES-MaACL | ||
| 005 | 20250806052059.0 | ||
| 007 | t| | ||
| 008 | 030123s1934 sp ||||1| spa d | ||
| 100 | 1 |
_aBarrio de Medina, José. _926003 |
|
| 245 | 1 | 0 |
_aTratado español de venerología y sifilografía / _cJosé Barrio de Medina y colaboradores. |
| 260 |
_aMadrid : _bJavier Morata, _c1934] ( _fSaez Hermanos) |
||
| 300 |
_a912 p., [1] h. pleg., [24] h. de lám. negro y color ; _c23 cm. |
||
| 650 | 7 |
_aEnfermedades de transmisión sexual _2embne _912260 |
|
| 852 |
_aES-MaACL _jE-1522 _bR.18244 |
||
| 999 |
_c30114 _d30114 |
||